Железобетонные конструкции. Специальный курс: учебное пособие

Bibliografiska uppgifter
Övriga upphovsmän: Байков В. Н. Виталий Николаевич (редактор)
Språk:ryska
Publicerad: Москва, Стройиздат, 1974
Upplaga:2-е изд., перераб.
Ämnen:
Materialtyp: Bok
KOHA link:https://koha.lib.tpu.ru/cgi-bin/koha/opac-detail.pl?biblionumber=315754

MARC

LEADER 00000nam0a2200000 4500
001 315754
005 20231102002816.0
035 |a (RuTPU)RU\TPU\book\341191 
035 |a RU\TPU\book\89992 
090 |a 315754 
100 |a 20160309d1974 m y0rusy5003 ca 
101 0 |a rus 
102 |a RU 
105 |a a j 001zy 
200 1 |a Железобетонные конструкции. Специальный курс  |e учебное пособие   |f под ред. В. Н. Байкова 
205 |a 2-е изд., перераб. 
210 |a Москва  |c Стройиздат  |d 1974 
215 |a 799 с.  |c ил. 
320 |a Библиогр.: с. 783-784 
606 1 |a Железобетонные конструкции  |2 stltpush  |3 (RuTPU)RU\TPU\subj\10630  |9 37672 
610 1 |a сооружения 
610 1 |a здания 
610 1 |a виды 
610 1 |a резервуары 
610 1 |a бункера 
610 1 |a силосы 
610 1 |a дымовые трубы 
610 1 |a экономика 
610 1 |a учебные пособия 
675 |a 624.012.45(075.8)  |v 4 
702 1 |a Байков  |b В. Н.  |g Виталий Николаевич  |4 340 
801 0 |a RU  |b 63413507  |c 19950704  |g psbo 
801 1 |a RU  |b 63413507  |c 20051020  |g PSBO 
801 2 |a RU  |b 63413507  |c 20210329  |g PSBO 
942 |c BK